[Event "Team men HL chess"]
[Site "?"]
[Date "2015.05.04"]
[Round "4.8"]
[White "Grishchenko, Sergey"]
[Black "Golubov, Saveliy"]
[Result "0-1"]
[WhiteElo "2441"]
[BlackElo "2370"]
[PlyCount "104"]
[EventDate "2015.05.01"]

1. d4 Nf6 2. c4 e6 3. Nf3 d5 4. Nc3 Be7 5. Bf4 O-O 6. e3 Nbd7 7. Qc2 c5 8.
O-O-O Qa5 9. dxc5 Nxc5 10. Kb1 a6 11. Ne5 Nfe4 12. Nxe4 dxe4 13. f3 f6 14. Ng4
e5 15. Bg3 Bf5 16. Be1 Qb6 17. Nf2 Rfd8 18. Rxd8+ Rxd8 19. g4 Bg6 20. fxe4 Nxe4
21. Nxe4 Qxe3 22. Bg2 Bxe4 23. Bxe4 Rd1+ 24. Qxd1 Qxe4+ 25. Ka1 Qxh1 26. a3 Qe4
27. c5 Kf7 28. Qb3+ Kf8 29. Bf2 Qc6 30. Be3 Qf3 31. h3 Qc6 32. Ka2 h6 33. Ka1
Bxc5 34. Bxc5+ Qxc5 35. Qxb7 Qc1+ 36. Ka2 Qc4+ 37. Kb1 e4 38. Qd7 Qb5 39. Qd6+
Kf7 40. Kc2 Kg6 41. Kc3 Qe2 42. Qd4 Kg5 43. b4 Qf3+ 44. Kd2 Qxa3 45. Qxe4 Qxh3
46. Qb7 Qh2+ 47. Kc1 Qf4+ 48. Kb2 Qd4+ 49. Kc2 Qc4+ 50. Kb2 g6 51. Qb6 Kxg4 52.
Qxf6 Qxb4+ 0-1

[Event "Team men HL chess"]
[Site "?"]
[Date "2015.05.04"]
[Round "4.8"]
[White "Ivanov, Alexander Al"]
[Black "Potapov, Alexey"]
[Result "1/2-1/2"]
[WhiteElo "2420"]
[BlackElo "2390"]
[PlyCount "83"]
[EventDate "2015.05.01"]

1. e4 e6 2. d3 c5 3. f4 Nc6 4. Nf3 d6 5. g3 g6 6. Bg2 Bg7 7. Nbd2 Nge7 8. O-O
O-O 9. Re1 Qc7 10. Qe2 e5 11. fxe5 dxe5 12. Nc4 Bg4 13. c3 h6 14. Ne3 Be6 15.
c4 Qd7 16. Nd5 Bg4 17. Be3 Nxd5 18. cxd5 Nd4 19. Bxd4 cxd4 20. Rac1 Rfc8 21.
Qd2 Rxc1 22. Rxc1 Rc8 23. Ne1 Rxc1 24. Qxc1 Qc8 25. Qxc8+ Bxc8 26. Kf2 Bf8 27.
Ke2 Bd6 28. Nf3 Kg7 29. Ng1 Bg4+ 30. Kd2 Bd7 31. Bh3 Bb4+ 32. Ke2 Be8 33. Nf3
Bd6 34. Bc8 b5 35. Nd2 Kf6 36. Nb3 Ke7 37. Na5 Kd8 38. Nb7+ Kc7 39. Nxd6 Kxd6
40. b4 Kc7 41. Bh3 Kd6 42. a3 1/2-1/2

[Event "Team men HL chess"]
[Site "?"]
[Date "2015.05.04"]
[Round "4.8"]
[White "Benza, Artem"]
[Black "Konaplev, Anton"]
[Result "1-0"]
[WhiteElo "2369"]
[BlackElo "2294"]
[PlyCount "119"]
[EventDate "2015.05.01"]

1. c4 e6 2. g3 d5 3. Bg2 c5 4. Nf3 Nc6 5. O-O Nf6 6. b3 d4 7. e3 e5 8. exd4
exd4 9. Re1+ Be7 10. d3 O-O 11. Na3 Bd6 12. Nc2 a5 13. a3 Bf5 14. Rb1 Rc8 15.
b4 b6 16. bxa5 bxa5 17. Bg5 Rb8 18. Qd2 h6 19. Rxb8 Nxb8 20. Bxf6 Qxf6 21. Rb1
a4 22. Nce1 Qd8 23. Rb7 Bc8 24. Ra7 Qb6 25. Qa5 Qxa5 26. Rxa5 Bd7 27. Nd2 f5
28. Ra7 Re8 29. Kf1 Kf8 30. Bd5 Ke7 31. Ng2 Rc8 32. Nf4 g5 33. Bb7 Bxf4 34.
Bxc8 Bxd2 35. Bxd7 Nxd7 36. Ke2 Bc3 37. Rxa4 g4 38. Ra6 h5 39. a4 Ne5 40. a5
Kd7 41. Ra7+ Kc6 42. a6 Kb6 43. Re7 Nc6 44. Re6 Kc7 45. Rh6 Nd8 46. Rxh5 Kb6
47. Rxf5 Kxa6 48. Rxc5 Kb6 49. Rg5 Kc6 50. Rxg4 Nf7 51. Rg6+ Kd7 52. f4 Nd6 53.
g4 Ke7 54. h4 Nf7 55. h5 Bb4 56. h6 Bd6 57. f5 Be5 58. h7 Bh8 59. g5 Nd6 60.
f6+ 1-0

[Event "Team men HL chess"]
[Site "?"]
[Date "2015.05.04"]
[Round "4.8"]
[White "Ananikian, Andrey"]
[Black "Parfenov, Viktor N"]
[Result "1-0"]
[WhiteElo "2118"]
[BlackElo "2224"]
[PlyCount "111"]
[EventDate "2015.05.01"]

1. d4 e6 2. Nf3 Nf6 3. Bf4 c5 4. c3 Nc6 5. e3 d5 6. Nbd2 Bd6 7. dxc5 Bxc5 8.
Bd3 O-O 9. O-O Be7 10. h3 b6 11. Qe2 Bb7 12. Rfd1 Bd6 13. Bxd6 Qxd6 14. e4 Qf4
15. e5 Nd7 16. g3 Qh6 17. h4 Qh5 18. Re1 Rae8 19. Bb5 Rc8 20. Nb3 Nc5 21. Bxc6
Bxc6 22. Nfd4 Qg6 23. Nxc6 Rxc6 24. Nxc5 bxc5 25. Rad1 Rb8 26. Kh2 h6 27. Rd2
a5 28. f3 a4 29. a3 Rcb6 30. Rf1 Qf5 31. Kg2 g5 32. hxg5 hxg5 33. Rf2 Kg7 34.
Qe3 Rh8 35. g4 Qf4 36. Qxc5 Rbb8 37. Qd4 Rh2+ 38. Kf1 Rh1+ 39. Ke2 Qg3 40. Qe3
Kg6 41. Qd3+ Kh6 42. Qd4 Rb1 43. Kd3 Kg6 44. Qxa4 Qxe5 45. Qd4 Qd6 46. Ke3 Rh1
47. b4 Rc8 48. Ke2 Rc4 49. Qd3+ Kg7 50. Qe3 f6 51. Rd4 Qa6 52. Qd3 Qxa3 53.
Rxc4 Qa2+ 54. Ke3 Re1+ 55. Re2 dxc4 56. Qd7+ 1-0

[Event "Team men HL chess"]
[Site "?"]
[Date "2015.05.04"]
[Round "4.9"]
[White "Ponomarenko, Alexandr"]
[Black "Musalov, Ruslan"]
[Result "1-0"]
[WhiteElo "2234"]
[BlackElo "2352"]
[PlyCount "81"]
[EventDate "2015.05.01"]

1. e4 d6 2. d4 g6 3. Nc3 Bg7 4. Be3 c6 5. Qd2 b5 6. O-O-O Qa5 7. Kb1 Nd7 8. Bd3
Rb8 9. Nce2 Qa4 10. Nc3 Qa5 11. Nce2 Qa4 12. Nc3 Qb4 13. Nce2 Qxd2 14. Rxd2
Ngf6 15. f3 a6 16. Nh3 Nb6 17. Nf2 Nc4 18. Bxc4 bxc4 19. Nc3 Nd7 20. h4 h5 21.
Nfd1 Nb6 22. Bg5 Rb7 23. Re1 O-O 24. Rg1 f6 25. Be3 d5 26. Nf2 Kf7 27. Kc1 Be6
28. Nh3 Rd8 29. Nf4 Bh6 30. Nxe6 Kxe6 31. Bxh6 g5 32. hxg5 Rh8 33. f4 dxe4 34.
Nxe4 Kf5 35. Nc3 Nd5 36. Nxd5 cxd5 37. g3 c3 38. bxc3 Rhb8 39. Rdd1 Rb2 40. Kd2
Kg4 41. Rh1 1-0

[Event "Team men HL chess"]
[Site "?"]
[Date "2015.05.04"]
[Round "4.9"]
[White "Nazaretyan, Tigran"]
[Black "Dulenko, Maxim"]
[Result "1-0"]
[WhiteElo "2202"]
[BlackElo "2140"]
[PlyCount "61"]
[EventDate "2015.05.01"]

1. d4 d5 2. c4 c6 3. Nf3 Nf6 4. Nc3 a6 5. e3 Bg4 6. Qb3 Ra7 7. Ne5 e6 8. f3 Bh5
9. g4 Bg6 10. h4 h5 11. Nxg6 fxg6 12. g5 Ng8 13. Bh3 Kf7 14. e4 Ne7 15. Bf4 b5
16. c5 a5 17. a4 b4 18. Ne2 Na6 19. Be5 Kg8 20. Bxe6+ Kh7 21. Nf4 Nc7 22. Bf7
Qd7 23. Bd6 Ra8 24. O-O-O Rc8 25. Rdf1 Ra8 26. Qd3 Ne8 27. e5 Qf5 28. Bxg6+
Qxg6 29. Nxg6 Nxg6 30. f4 Bxd6 31. cxd6 1-0

[Event "Team men HL chess"]
[Site "?"]
[Date "2015.05.04"]
[Round "4.9"]
[White "Zherebtsova, Alexandra"]
[Black "Shandrygin, Nikita"]
[Result "1/2-1/2"]
[WhiteElo "2184"]
[BlackElo "2187"]
[PlyCount "66"]
[EventDate "2015.05.01"]

1. f4 d5 2. Nf3 Bg4 3. e3 Nd7 4. Be2 c6 5. d4 e6 6. O-O f5 7. b3 Bd6 8. c4 Bxf3
9. Bxf3 Ngf6 10. Nc3 O-O 11. Bd2 Qe7 12. Kh1 Kh8 13. Be1 Rg8 14. g4 fxg4 15.
Bxg4 Nxg4 16. Qxg4 Nf6 17. Qf3 Bb4 18. Ne2 Bxe1 19. Rfxe1 Raf8 20. Ng3 g5 21.
Re2 gxf4 22. exf4 Ng4 23. cxd5 cxd5 24. Qxd5 Rxf4 25. Qxe6 Qxe6 26. Rxe6 Rf2
27. Rae1 Rxh2+ 28. Kg1 Rxa2 29. Re8 Nf6 30. Rxg8+ Kxg8 31. Re7 Ra1+ 32. Kg2 Rd1
33. Rxb7 Rxd4 1/2-1/2

[Event "Team men HL chess"]
[Site "?"]
[Date "2015.05.04"]
[Round "4.9"]
[White "Bagdasarov, Eduard"]
[Black "Kayukov, Kirill"]
[Result "0-1"]
[WhiteElo "1970"]
[BlackElo "2071"]
[PlyCount "114"]
[EventDate "2015.05.01"]

1. e4 e6 2. d4 d5 3. e5 c5 4. c3 Qb6 5. Nf3 Bd7 6. a3 Bb5 7. Be2 Bxe2 8. Qxe2
cxd4 9. cxd4 Nc6 10. Nc3 Nge7 11. O-O Nf5 12. Be3 Be7 13. Qd3 Nxe3 14. fxe3 O-O
15. b4 f6 16. b5 Na5 17. Na4 Qd8 18. e4 f5 19. exd5 Qxd5 20. Nc3 Qc4 21. Qxc4
Nxc4 22. d5 Bxa3 23. Na4 exd5 24. Rfd1 Rfd8 25. Nd4 Bf8 26. Ne6 Rd7 27. Nac5
Bxc5+ 28. Nxc5 Rc7 29. Ne6 Re7 30. Nf4 Rxe5 31. Nxd5 Kf8 32. b6 a6 33. Rac1 Nb2
34. Rd2 Rd8 35. Rxb2 Rexd5 36. Rc7 R8d7 37. Rbc2 Ke8 38. Rc8+ Ke7 39. R2c7 Rxc7
40. bxc7 Rc5 41. Rg8 Rxc7 42. Rxg7+ Kd6 43. Rg5 Ke6 44. Rg8 b5 45. Ra8 Rc6 46.
Rh8 Kd5 47. Rxh7 b4 48. Kf2 Kc4 49. Ke2 a5 50. Kd2 Kb3 51. Rh5 a4 52. Rxf5 a3
53. h4 a2 54. Ra5 Kb2 55. g4 a1=Q 56. Rxa1 Kxa1 57. g5 b3 0-1

[Event "Team men HL chess"]
[Site "?"]
[Date "2015.05.04"]
[Round "4.10"]
[White "Tukhaev, Adam"]
[Black "Belov, Igor"]
[Result "1-0"]
[WhiteElo "2544"]
[BlackElo "2407"]
[PlyCount "131"]
[EventDate "2015.05.01"]

1. e4 d6 2. d4 Nf6 3. Nc3 e5 4. Nf3 Nbd7 5. Bc4 Be7 6. O-O O-O 7. Re1 c6 8. a4
a5 9. h3 exd4 10. Nxd4 Nc5 11. b3 Be6 12. Bxe6 fxe6 13. Ba3 Nfd7 14. Qg4 Rf6
15. Rad1 Qb6 16. Qe2 Raf8 17. Rf1 Ne5 18. Bc1 R6f7 19. Be3 Qc7 20. f4 Ng6 21.
f5 exf5 22. exf5 Ne5 23. Bf4 Bf6 24. Ne4 Nxe4 25. Qxe4 Qb6 26. Kh1 d5 27. Qe2
Nd7 28. Ne6 Re8 29. Bd6 Bc3 30. Qd3 Bb4 31. Bc7 Qa7 32. c3 Bf8 33. c4 Nf6 34.
cxd5 Nxd5 35. Bh2 Qe3 36. Qc4 Qc3 37. Bg1 Bb4 38. Qh4 Be7 39. Qc4 Bf6 40. Rd3
Qb4 41. g4 h6 42. Bf2 Qxc4 43. bxc4 Nc3 44. Ra1 Ne4 45. Ra2 Nxf2+ 46. Rxf2 Bh4
47. Rb2 g6 48. fxg6 Rf6 49. Nd4 Rd8 50. Rxb7 Rxg6 51. Re3 Bf2 52. Re6 Rxe6 53.
Nxe6 Rd3 54. Kg2 Be1 55. Rg7+ Kh8 56. Rg6 Bd2 57. Nc5 Ra3 58. h4 Be3 59. Ne4
Kh7 60. h5 Bd4 61. g5 hxg5 62. Nxg5+ Kh8 63. Nf7+ Kh7 64. Ng5+ Kh8 65. h6 Ra1
66. h7 1-0

[Event "Team men HL chess"]
[Site "?"]
[Date "2015.05.04"]
[Round "4.10"]
[White "Skomorokhin, Roman"]
[Black "Yandarbiev, Ruslan"]
[Result "0-1"]
[WhiteElo "2376"]
[BlackElo "2334"]
[PlyCount "158"]
[EventDate "2015.05.01"]

1. d4 Nf6 2. Bf4 g6 3. e3 Bg7 4. Nf3 d6 5. h3 O-O 6. Be2 b6 7. a4 a6 8. O-O Bb7
9. a5 b5 10. Na3 c5 11. c4 cxd4 12. exd4 Nc6 13. cxb5 axb5 14. Nxb5 Rxa5 15.
Qd2 Qb6 16. d5 Nxd5 17. Qxd5 Nd4 18. Qxd4 Bxd4 19. Rxa5 Bxf2+ 20. Rxf2 Qxa5 21.
Bf1 Qb6 22. Nc3 Ra8 23. Bg3 h6 24. Kh2 Rc8 25. Rd2 Qe3 26. Bf2 Qf4+ 27. Bg3 Qb4
28. Nd4 Ra8 29. Be2 h5 30. h4 Rb8 31. Bf3 Bxf3 32. Nxf3 Rb7 33. Nd5 Qb3 34. Nc3
f6 35. Rf2 Qc4 36. Rd2 Qf1 37. Rd1 Qa6 38. Rd2 Qa1 39. Rd1 Qxb2 40. Nd5 Qb3 41.
Rd2 Kf7 42. Nf4 Ra7 43. Nd4 Qc4 44. Nfe6 Ra2 45. Rxa2 Qxa2 46. Bf4 Qf2 47. Bg3
Qf1 48. Bf4 Ke8 49. Nc7+ Kd7 50. Nce6 Qd1 51. Nf8+ Kc8 52. Nfe6 Qg4 53. g3 Kb7
54. Kg2 Qd1 55. Kf2 Kc8 56. Kg2 Qe1 57. Bh6 Qe4+ 58. Kh2 Qa8 59. Bf4 Qa2+ 60.
Kg1 Kb7 61. Bh6 Qb1+ 62. Kg2 Ka6 63. Kf2 Qb2+ 64. Kg1 Qc3 65. Kf2 Qd3 66. Be3
Ka5 67. Bf4 Kb4 68. Bh6 Kc4 69. Be3 Qe4 70. Bh6 Kd3 71. Bf4 Qh1 72. Nf3 Qh3 73.
Nfd4 Qh2+ 74. Kf1 Ke4 75. Ke1 Qg2 76. Kd1 Kd3 77. Kc1 Qa2 78. Kd1 Qb1+ 79. Bc1
g5 0-1

[Event "Team men HL chess"]
[Site "?"]
[Date "2015.05.04"]
[Round "4.10"]
[White "Bimiev, Ahmad"]
[Black "Zakharov, Aleksej"]
[Result "1/2-1/2"]
[WhiteElo "1996"]
[BlackElo "2310"]
[PlyCount "99"]
[EventDate "2015.05.01"]

1. c4 c5 2. Nf3 Nf6 3. Nc3 b6 4. g3 Bb7 5. Bg2 e6 6. O-O Be7 7. a3 O-O 8. Rb1
d6 9. b4 Nbd7 10. b5 Qc7 11. d3 Rad8 12. Qc2 Qc8 13. a4 Rfe8 14. e4 Bf8 15. Ne1
d5 16. f4 dxe4 17. dxe4 Re7 18. e5 Ne8 19. Be4 Bxe4 20. Nxe4 f5 21. exf6 Ndxf6
22. Bb2 Nxe4 23. Qxe4 Nd6 24. Qe2 Qb7 25. Rd1 Ree8 26. Nf3 Qe4 27. Qxe4 Nxe4
28. Ne5 Nd2 29. Rfe1 Rd6 30. Bc3 Red8 31. Rxd2 Rxd2 32. Bxd2 Rxd2 33. Nc6 Ra2
34. a5 bxa5 35. Rxe6 a4 36. Nxa7 Rc2 37. Ra6 Rxc4 38. Kf2 Rb4 39. Ke3 g6 40.
Kd3 Bg7 41. Ra5 c4+ 42. Kc2 c3 43. Nc6 Rb2+ 44. Kc1 a3 45. Rxa3 Rxb5 46. Ra8+
Kf7 47. Ra7+ Kg8 48. Ra8+ Kf7 49. Ra7+ Kg8 50. Ra8+ 1/2-1/2

[Event "Team men HL chess"]
[Site "?"]
[Date "2015.05.04"]
[Round "4.10"]
[White "Talanin, Andrei"]
[Black "Movldiev, Ibragim"]
[Result "1-0"]
[WhiteElo "2279"]
[BlackElo "2054"]
[PlyCount "53"]
[EventDate "2015.05.01"]

1. d4 Nf6 2. Nf3 g6 3. g3 Bg7 4. Bg2 O-O 5. O-O d6 6. c4 Nbd7 7. d5 a5 8. Nc3
Nc5 9. Nd4 Bd7 10. h3 Qc8 11. Kh2 c6 12. e4 a4 13. Be3 Qc7 14. Qd2 Qa5 15. f4
cxd5 16. cxd5 Rfc8 17. e5 Ne8 18. e6 fxe6 19. dxe6 Bc6 20. Bxc6 bxc6 21. f5 Nf6
22. fxg6 hxg6 23. Qc2 Kh7 24. Rf4 Nxe6 25. Nxe6 Qe5 26. Ng5+ Kg8 27. Qxg6 1-0

[Event "Team men HL chess"]
[Site "?"]
[Date "2015.05.05"]
[Round "5.1"]
[White "Goganov, Aleksey"]
[Black "Kiriakov, Petr"]
[Result "1/2-1/2"]
[WhiteElo "2612"]
[BlackElo "2535"]
[PlyCount "105"]
[EventDate "2015.05.01"]

1. d4 e6 2. c4 Nf6 3. Nf3 d5 4. g3 Be7 5. Bg2 O-O 6. O-O dxc4 7. Qc2 a6 8. Qxc4
b5 9. Qc2 Bb7 10. Bd2 Be4 11. Qc1 Nbd7 12. Ba5 Rc8 13. Nbd2 Ba8 14. Qc2 Qe8 15.
b4 Nd5 16. a3 f5 17. Rae1 Qh5 18. e4 fxe4 19. Rxe4 Qf5 20. Qb3 Rce8 21. Rfe1
Bd8 22. R4e2 Kh8 23. Qb2 Bb7 24. Ne5 Nxe5 25. dxe5 Be7 26. Nb3 Qg6 27. Qc2 Qg4
28. Rd2 Rc8 29. Qd1 Qg6 30. Qc2 Qg4 31. Qe4 Qh5 32. Qe2 Qg6 33. Qd3 Qg4 34. Qd4
Qg6 35. Kh1 Qh6 36. Rc2 Qg6 37. Rec1 Ba8 38. Nc5 Bxc5 39. Rxc5 Qf7 40. R5c2 Qf5
41. Kg1 h6 42. h4 Rcd8 43. Qe4 Qxe4 44. Bxe4 Ne3 45. Re2 Bxe4 46. Rxe3 Bg6 47.
Bxc7 Rd2 48. f3 Rc8 49. Rcc3 h5 50. Bd6 Rc4 51. Rxc4 bxc4 52. Rc3 Bd3 53. Be7
1/2-1/2

[Event "Team men HL chess"]
[Site "?"]
[Date "2015.05.05"]
[Round "5.1"]
[White "Zablotsky, Sergei"]
[Black "Yudin, Sergei"]
[Result "1/2-1/2"]
[WhiteElo "2525"]
[BlackElo "2520"]
[PlyCount "58"]
[EventDate "2015.05.01"]

1. e4 c5 2. Nf3 e6 3. d4 cxd4 4. Nxd4 Nf6 5. Nc3 Nc6 6. Ndb5 Bb4 7. a3 Bxc3+ 8.
Nxc3 d5 9. exd5 Nxd5 10. Nxd5 Qxd5 11. Qxd5 exd5 12. Bf4 Bf5 13. O-O-O O-O-O
14. Bb5 a6 15. Bxc6 bxc6 16. Rhe1 Rhe8 17. f3 Rxe1 18. Rxe1 Kd7 19. Kd2 Re8 20.
Rxe8 Kxe8 21. Be5 f6 22. Bd4 h5 23. h4 Kd7 24. Be3 Kd6 25. Bf4+ Ke6 26. Be3 Kd6
27. Bf4+ Ke6 28. Be3 Kd6 29. Bf4+ Ke6 1/2-1/2

[Event "Team men HL chess"]
[Site "?"]
[Date "2015.05.05"]
[Round "5.1"]
[White "Vokarev, Sergey"]
[Black "Bocharov, Ivan"]
[Result "1-0"]
[WhiteElo "2456"]
[BlackElo "2489"]
[PlyCount "107"]
[EventDate "2015.05.01"]

1. e4 d5 2. exd5 Qxd5 3. Nf3 Bg4 4. Be2 Nc6 5. d4 O-O-O 6. c4 Qd7 7. d5 Bxf3 8.
Bxf3 Ne5 9. O-O Nf6 10. Nc3 e6 11. Bf4 Nxf3+ 12. Qxf3 exd5 13. Nb5 dxc4 14. a4
Bd6 15. Bxd6 cxd6 16. Rfd1 a6 17. Nxd6+ Kb8 18. Nxc4 Qc7 19. b3 Rxd1+ 20. Rxd1
Rd8 21. Rxd8+ Qxd8 22. Qg3+ Ka7 23. Qe3+ Kb8 24. h3 Qc7 25. a5 h6 26. g3 Kc8
27. Qd4 Kb8 28. Qd2 Qd7 29. Qf4+ Qc7 30. Qd4 Qe7 31. Nb6 Qc7 32. Kh2 Qe7 33.
Qc4 Qc7 34. Qb4 Qd8 35. Qc5 h5 36. Kg2 Qe8 37. Kh2 Qd8 38. Qb4 Ka7 39. Qf4 h4
40. Qe3 hxg3+ 41. fxg3 Kb8 42. Nc4 Qd1 43. g4 Nd5 44. Qe8+ Ka7 45. Qxf7 Nf6 46.
Qe6 Qxb3 47. g5 Qc2+ 48. Kg3 Nh5+ 49. Kh4 g6 50. Qb6+ Kb8 51. Qd8+ Ka7 52. Qd4+
Kb8 53. Nb6 Kc7 54. Qd7+ 1-0

[Event "Team men HL chess"]
[Site "?"]
[Date "2015.05.05"]
[Round "5.1"]
[White "Salinnikov, Denis Y"]
[Black "Krutko, Anatoly"]
[Result "1-0"]
[WhiteElo "2374"]
[BlackElo "2397"]
[PlyCount "79"]
[EventDate "2015.05.01"]

1. e4 c5 2. Nf3 e6 3. c3 Nf6 4. e5 Nd5 5. g3 d6 6. exd6 Bxd6 7. Bg2 O-O 8. O-O
Nc6 9. d4 b6 10. dxc5 Bxc5 11. c4 Nf6 12. Nc3 Bb7 13. Qe2 Qe7 14. Bg5 h6 15.
Bxf6 Qxf6 16. Ne4 Qf5 17. Nxc5 Qxc5 18. b3 Rfd8 19. Rfd1 Kf8 20. Qe4 Rxd1+ 21.
Rxd1 Rd8 22. Rxd8+ Nxd8 23. Qf4 Nc6 24. Ne1 e5 25. Qf5 Qe7 26. Qh7 Qf6 27. Nd3
Ke7 28. Qe4 Kd6 29. Nb4 Kd7 30. Bh3+ Ke8 31. Qd5 Nxb4 32. Qxb7 Qd6 33. Qxa7 g6
34. Bg2 Qc5 35. Qb8+ Ke7 36. Bd5 Kf6 37. Qh8+ Kf5 38. g4+ Kxg4 39. Qxe5 Nxd5
40. h3+ 1-0

[Event "Team men HL chess"]
[Site "?"]
[Date "2015.05.05"]
[Round "5.2"]
[White "Akhmetov, Artiom"]
[Black "Chigaev, Maksim"]
[Result "0-1"]
[WhiteElo "2481"]
[BlackElo "2497"]
[PlyCount "102"]
[EventDate "2015.05.01"]

1. d4 Nf6 2. c4 g6 3. Nc3 Bg7 4. e4 O-O 5. Nf3 d6 6. Be2 e5 7. O-O Nbd7 8. Re1
a6 9. Bf1 Re8 10. d5 a5 11. Rb1 Nc5 12. Bg5 h6 13. Bd2 Bd7 14. b3 Rf8 15. a3 a4
16. b4 Nb3 17. Bd3 Nxd2 18. Nxd2 h5 19. Bc2 Bh6 20. Nf1 h4 21. Bxa4 Bxa4 22.
Nxa4 Qd7 23. b5 Ra5 24. Rb4 Rfa8 25. Qb3 b6 26. f3 Qd8 27. Ra1 Nd7 28. Nb2 Nc5
29. Qc3 f5 30. Nd3 fxe4 31. Nxc5 bxc5 32. Rb3 exf3 33. Qxf3 Qg5 34. Qe2 Rf8 35.
b6 cxb6 36. Rxb6 Qf4 37. Rd1 e4 38. g3 hxg3 39. hxg3 Qf5 40. Rxd6 Rxa3 41. Re6
Rf3 42. Nh2 Be3+ 43. Kh1 Rf2 44. Qxe3 Qh5 45. Rxg6+ Qxg6 46. Kg1 Qh5 47. Nf1
Re2 48. g4 Qxg4+ 49. Qg3 Rxf1+ 50. Kxf1 Qxg3 51. Kxe2 Qf3+ 0-1

[Event "Team men HL chess"]
[Site "?"]
[Date "2015.05.05"]
[Round "5.2"]
[White "Levin, Evgeny A"]
[Black "Vavulin, Maksim"]
[Result "1-0"]
[WhiteElo "2529"]
[BlackElo "2442"]
[PlyCount "169"]
[EventDate "2015.05.01"]

1. d4 g6 2. c4 Bg7 3. Nc3 d6 4. Nf3 Nd7 5. e4 e5 6. Be2 Ne7 7. h4 h6 8. h5 g5
9. d5 f5 10. exf5 Nxf5 11. Nd2 O-O 12. Nde4 Nf6 13. Nxf6+ Qxf6 14. Ne4 Qe7 15.
Bg4 Nd4 16. O-O b5 17. cxb5 Nxb5 18. Be3 Nd4 19. Rc1 Bxg4 20. Qxg4 Rab8 21. b3
Rb5 22. Nc3 Rb4 23. Ne4 Rb5 24. Nc3 Rb4 25. Ne4 Qf7 26. Rfd1 Rb5 27. Nc3 Rc5
28. Re1 a5 29. Red1 Kh8 30. Re1 Kg8 31. Red1 Rb8 32. Bd2 Kh8 33. Re1 Kh7 34.
Qe4+ Kg8 35. Qg6 Qxg6 36. hxg6 Rc8 37. Kf1 Nb5 38. Na4 Rxc1 39. Rxc1 Ra8 40.
Nc3 Nd4 41. Ne4 Ra7 42. Rc4 Nf5 43. Nc3 Rb7 44. Ra4 Ne7 45. Rxa5 Nxg6 46. Rb5
Ra7 47. Rb8+ Kh7 48. a4 Ra6 49. Rc8 Rb6 50. Nb5 Ne7 51. Rxc7 Nxd5 52. Rd7 Nf6
53. Rxd6 Rb8 54. Be3 g4 55. Ke2 h5 56. g3 Kg6 57. Rb6 Ra8 58. Nc7 Rc8 59. Nd5
Rc2+ 60. Kd3 Ra2 61. Nxf6 Bxf6 62. Ke4 Ra1 63. Bc5 Re1+ 64. Kd3 Kf5 65. a5 Rc1
66. b4 e4+ 67. Kd2 Bg5+ 68. Be3 Bxe3+ 69. Kxe3 Rc3+ 70. Kd4 Rd3+ 71. Kc4 Ra3
72. Rb5+ Kg6 73. Re5 Ra2 74. Rxe4 Rxf2 75. a6 Ra2 76. b5 Kf5 77. Re8 h4 78.
gxh4 g3 79. Rg8 Kf4 80. h5 Kf3 81. h6 g2 82. Rxg2 Rxg2 83. h7 Rc2+ 84. Kd5 Rc8
85. b6 1-0

[Event "Team men HL chess"]
[Site "?"]
[Date "2015.05.05"]
[Round "5.2"]
[White "Savenkov, Konstantin"]
[Black "Usmanov, Vasily"]
[Result "1-0"]
[WhiteElo "2332"]
[BlackElo "2460"]
[PlyCount "73"]
[EventDate "2015.05.01"]

1. e4 c5 2. Nf3 Nc6 3. Bb5 d6 4. c3 Bd7 5. O-O Nf6 6. Re1 e6 7. d4 cxd4 8. cxd4
d5 9. e5 Ne4 10. Nbd2 Nxd2 11. Bxd2 Nxe5 12. Nxe5 Bxb5 13. Qh5 g6 14. Nxg6 hxg6
15. Qxh8 Kd7 16. a4 Ba6 17. Bf4 g5 18. Be5 Be7 19. Qh3 Rc8 20. Rac1 Rc6 21.
Rxc6 bxc6 22. Qf3 f6 23. Bg3 Qb6 24. Qe3 c5 25. a5 Qc6 26. Rc1 c4 27. h4 gxh4
28. Bxh4 Bc8 29. Qh6 Bb7 30. Bxf6 e5 31. Qh3+ Qe6 32. Qxe6+ Kxe6 33. Bxe7 Kxe7
34. dxe5 Ke6 35. f4 Kf5 36. g3 Ba6 37. Rd1 1-0

[Event "Team men HL chess"]
[Site "?"]
[Date "2015.05.05"]
[Round "5.2"]
[White "Palchun, Grigory"]
[Black "Shuvalova, Polina"]
[Result "1-0"]
[WhiteElo "2299"]
[BlackElo "2212"]
[PlyCount "79"]
[EventDate "2015.05.01"]

1. d4 Nf6 2. Nf3 g6 3. Bf4 Bg7 4. e3 O-O 5. Be2 d6 6. h3 c5 7. c3 Nc6 8. Nbd2
b6 9. O-O Re8 10. Bh2 Bb7 11. a4 Qc7 12. Nc4 Rad8 13. Qb3 cxd4 14. exd4 Nd5 15.
Rfe1 e5 16. Bf1 h6 17. Rad1 Kh7 18. Na3 Na5 19. Qc2 a6 20. h4 Nf4 21. Nd2 Qc8
22. f3 Nd5 23. dxe5 Qc5+ 24. Kh1 Ne3 25. Rxe3 Qxe3 26. Ndc4 Nxc4 27. Nxc4 Qc5
28. Nxd6 Bxe5 29. Nxe8 Rxe8 30. Rd7 Bxh2 31. Rxf7+ Kh8 32. Kxh2 Qd6+ 33. Kg1
Bd5 34. Ra7 Re1 35. Qd2 Qc5+ 36. Kh2 Qd6+ 37. g3 Qe5 38. Bc4 g5 39. Qxd5 Re2+
40. Kh3 1-0

[Event "Team men HL chess"]
[Site "?"]
[Date "2015.05.05"]
[Round "5.3"]
[White "Iljiushenok, Ilia"]
[Black "Pavlov, Maxim"]
[Result "1-0"]
[WhiteElo "2485"]
[BlackElo "2505"]
[PlyCount "123"]
[EventDate "2015.05.01"]

1. e4 e5 2. Nf3 Nc6 3. d4 exd4 4. Nxd4 Nf6 5. Nc3 Bb4 6. Nxc6 bxc6 7. Bd3 d5 8.
exd5 cxd5 9. O-O O-O 10. Bg5 c6 11. Qf3 h6 12. Bf4 Bd6 13. h3 Be6 14. Rad1 Bxf4
15. Qxf4 Qb8 16. Qxb8 Raxb8 17. b3 Rfe8 18. Rfe1 Kf8 19. Na4 Ke7 20. c4 Kd6 21.
Re2 Rbd8 22. cxd5 Bxd5 23. Rc2 g5 24. Bc4 Kc7 25. Rdc1 Be4 26. Rb2 Bd5 27. Bf1
Kd6 28. Rbc2 Re5 29. f3 h5 30. Nb2 Ke7 31. Nd3 Re6 32. Nc5 Re5 33. Nb7 Rc8 34.
Na5 Re6 35. Bd3 Rc7 36. Kf2 Rd6 37. Bb5 Kd7 38. b4 Ne8 39. Ba6 Rf6 40. Kg1 Kd6
41. Bb7 Kd7 42. b5 Rxb7 43. Nxb7 cxb5 44. Rd2 Rf5 45. Nc5+ Kc6 46. g4 Rxf3 47.
Nd3+ Kb6 48. Ne5 Bb7 49. Nxf3 Bxf3 50. Rd8 Ng7 51. Rb8+ Ka5 52. Rc5 hxg4 53.
Rcxb5+ Ka4 54. hxg4 Ne6 55. Rb4+ Ka5 56. Rb3 Bc6 57. Ra3+ Ba4 58. Ra8 a6 59.
Rxa4+ Kxa4 60. Rxa6+ Kb4 61. Rxe6 fxe6 62. Kf2 1-0

[Event "Team men HL chess"]
[Site "?"]
[Date "2015.05.05"]
[Round "5.3"]
[White "Alexeev, Alexey"]
[Black "Nozdrachev, Vladislav"]
[Result "0-1"]
[WhiteElo "2320"]
[BlackElo "2476"]
[PlyCount "76"]
[EventDate "2015.05.01"]

1. d4 Nf6 2. g3 c5 3. d5 e6 4. c4 exd5 5. cxd5 d6 6. Nc3 g6 7. Bg2 Bg7 8. Nf3
O-O 9. O-O Nbd7 10. a4 b6 11. Bf4 Qe7 12. e4 Ng4 13. Nd2 Nge5 14. Qe2 Nb8 15.
h3 Na6 16. Be3 Nb4 17. f4 Ba6 18. Nb5 Ned3 19. Nc4 Bxb5 20. axb5 f5 21. e5 dxe5
22. fxe5 Bxe5 23. d6 Bxd6 24. Bxa8 Rxa8 25. Nxd6 Qxd6 26. Qf3 Nd5 27. Bh6 c4
28. Rfd1 Qc5+ 29. Kh2 Re8 30. Rxa7 f4 31. Rda1 Ne1 32. Qf1 fxg3+ 33. Kxg3 Qd6+
34. Bf4 Nxf4 35. Qxf4 Re3+ 36. Kg4 Qe6+ 37. Kg5 h6+ 38. Kxh6 Rxh3+ 0-1

[Event "Team men HL chess"]
[Site "?"]
[Date "2015.05.05"]
[Round "5.3"]
[White "Chernobay, Artem"]
[Black "Triapishko, Olexandr"]
[Result "1/2-1/2"]
[WhiteElo "2511"]
[BlackElo "2393"]
[PlyCount "98"]
[EventDate "2015.05.01"]

1. e4 e5 2. Nf3 Nc6 3. Bb5 a6 4. Ba4 d6 5. c3 Bd7 6. O-O Nf6 7. d4 g6 8. Be3
Bg7 9. Nbd2 O-O 10. dxe5 Nxe5 11. Nxe5 dxe5 12. f3 Bxa4 13. Qxa4 Qd3 14. Kf2 b5
15. Qb3 c5 16. c4 Qd6 17. Rfd1 Rab8 18. Qa3 Rfd8 19. cxb5 axb5 20. Bxc5 Qe6 21.
Qb3 Qa6 22. Nf1 Rbc8 23. Be3 Bf8 24. a3 Nh5 25. Rxd8 Rxd8 26. Rd1 Rxd1 27. Qxd1
b4 28. axb4 Nf4 29. Bxf4 exf4 30. g3 fxg3+ 31. hxg3 Qf6 32. Qd2 Qb6+ 33. Ne3
Bxb4 34. Qd3 Bc5 35. b3 h5 36. Ke2 Qf6 37. f4 Qb2+ 38. Nc2 Qb1 39. Kd2 Qg1 40.
f5 Qf2+ 41. Kc3 gxf5 42. exf5 Kg7 43. b4 Bb6 44. Qd6 Qf3+ 45. Kc4 Qxf5 46. Nd4
Qf1+ 47. Kd5 Qg2+ 48. Kc4 Qf1+ 49. Kd5 Qg2+ 1/2-1/2

[Event "Team men HL chess"]
[Site "?"]
[Date "2015.05.05"]
[Round "5.3"]
[White "Shemeakin, Alexander"]
[Black "Sarana, Alexey"]
[Result "1-0"]
[WhiteElo "2247"]
[BlackElo "2436"]
[PlyCount "79"]
[EventDate "2015.05.01"]

1. d4 Nf6 2. c4 e6 3. Nf3 Bb4+ 4. Bd2 Qe7 5. g3 Nc6 6. Bg2 Bxd2+ 7. Nbxd2 e5 8.
dxe5 Nxe5 9. O-O O-O 10. Qc2 a5 11. c5 Ra6 12. Rac1 Nc6 13. e3 d5 14. cxd6 Qxd6
15. Ne4 Nxe4 16. Qxe4 Rb6 17. b3 g6 18. Rfd1 Qa3 19. Qh4 Qxa2 20. Ng5 h5 21.
Bd5 Nd8 22. Rxc7 Ne6 23. Rxc8 Rxc8 24. Bxe6 fxe6 25. Qe4 Qb2 26. Qxg6+ Qg7 27.
Qxh5 Rb5 28. h4 Rf5 29. Qe2 Re5 30. Qh5 b5 31. e4 a4 32. bxa4 bxa4 33. Qg4 a3
34. f4 Rxe4 35. Nxe4 Qxg4 36. Nf6+ Kg7 37. Nxg4 Rc2 38. Nf2 a2 39. Kg2 Rd2 40.
Ra1 1-0